Sports Quiz

Random Sports or WWE Quiz
Score 0/25 Timer 10:00
6 Plays Today
Rank Woman % Correct
1Trish Stratus
87.4%
8Lita
84.1%
2The Fabulous Moolah
72.8%
3Chyna
69.6%
12Mae Young
68.2%
5Stephanie McMahon
62%
6Sable
57.5%
17Beth Phoenix
52.6%
7Mickie James
52.6%
25Torrie Wilson
52%
10Michelle McCool
48.7%
15Miss Elizabeth
48.6%
23Ivory
45%
Rank Woman % Correct
21Jacqueline
43.1%
13Alundra Blayze
42.9%
19Molly Holly
42.6%
4Sensational Sherri
42%
22Kelly Kelly
41.2%
9Sunny
41%
18Stacy Keibler
39%
11Wendi Richter
38.5%
14Melina
36.2%
16Luna Vachon
27%
24Bull Nakano
24.8%
20Vickie Guerrero
22.2%
Remove Ads.
Support Sporcle.
Get the best of Sporcle when you Go Orange. This ad-free experience offers more features, more stats, and more fun while also helping to support Sporcle. Thank you for becoming a member.

You're not logged in!

Compare scores with friends on all Sporcle quizzes.
OR
Log In

Show Comments

Extras

Top Quizzes Today


Score Distribution

Your Account Isn't Verified!

In order to create a playlist on Sporcle, you need to verify the email address you used during registration. Go to your Sporcle Settings to finish the process.

Report this User

Report this user for behavior that violates our Community Guidelines.

Details: